<?xml version="1.0" encoding="UTF-8"?><?xml-stylesheet type="text/xsl" href="static/style.xsl"?><OAI-PMH xmlns="http://www.openarchives.org/OAI/2.0/" xmlns:xsi="http://www.w3.org/2001/XMLSchema-instance" xsi:schemaLocation="http://www.openarchives.org/OAI/2.0/ http://www.openarchives.org/OAI/2.0/OAI-PMH.xsd"><responseDate>2026-06-01T09:16:41Z</responseDate><request verb="GetRecord" identifier="oai:riuma.uma.es:10630/33491" metadataPrefix="marc">https://riuma.uma.es/rest/oai/request</request><GetRecord><record><header><identifier>oai:riuma.uma.es:10630/33491</identifier><datestamp>2026-02-03T10:49:19Z</datestamp><setSpec>com_10630_2254</setSpec><setSpec>col_10630_37953</setSpec></header><metadata><record xmlns="http://www.loc.gov/MARC21/slim" xmlns:dcterms="http://purl.org/dc/terms/" xmlns:doc="http://www.lyncode.com/xoai" xmlns:xsi="http://www.w3.org/2001/XMLSchema-instance" xsi:schemaLocation="http://www.loc.gov/MARC21/slim http://www.loc.gov/standards/marcxml/schema/MARC21slim.xsd">
   <leader>00925njm 22002777a 4500</leader>
   <datafield ind2=" " ind1=" " tag="042">
      <subfield code="a">dc</subfield>
   </datafield>
   <datafield ind2=" " ind1=" " tag="720">
      <subfield code="a">Ros-Montoya, Sergio</subfield>
      <subfield code="e">author</subfield>
   </datafield>
   <datafield ind2=" " ind1=" " tag="720">
      <subfield code="a">Martínez-Navarro, Bienvenido</subfield>
      <subfield code="e">author</subfield>
   </datafield>
   <datafield ind2=" " ind1=" " tag="720">
      <subfield code="a">Espigares-Ortiz, María Patrocinio</subfield>
      <subfield code="e">author</subfield>
   </datafield>
   <datafield ind2=" " ind1=" " tag="720">
      <subfield code="a">Guerra-Merchán, Antonio</subfield>
      <subfield code="e">author</subfield>
   </datafield>
   <datafield ind2=" " ind1=" " tag="720">
      <subfield code="a">García-Aguilar, José Manuel</subfield>
      <subfield code="e">author</subfield>
   </datafield>
   <datafield ind2=" " ind1=" " tag="720">
      <subfield code="a">Piñero, Pedro</subfield>
      <subfield code="e">author</subfield>
   </datafield>
   <datafield ind2=" " ind1=" " tag="720">
      <subfield code="a">Rodríguez-Rueda, Ainoa</subfield>
      <subfield code="e">author</subfield>
   </datafield>
   <datafield ind2=" " ind1=" " tag="720">
      <subfield code="a">Agustí, Jordi</subfield>
      <subfield code="e">author</subfield>
   </datafield>
   <datafield ind2=" " ind1=" " tag="720">
      <subfield code="a">Oms, Oriol</subfield>
      <subfield code="e">author</subfield>
   </datafield>
   <datafield ind2=" " ind1=" " tag="720">
      <subfield code="a">Palmqvist-Barrena, Carlos Paul</subfield>
      <subfield code="e">author</subfield>
   </datafield>
   <datafield ind2=" " ind1=" " tag="260">
      <subfield code="c">2017</subfield>
   </datafield>
   <datafield ind2=" " ind1=" " tag="520">
      <subfield code="a">The Guadix–Baza depression (southeastern Spain) preserves one of the best continental Plio-Pleistocene records of the European continent. The new site, Baza-1, is the first Ruscinian locality with fauna of large vertebrates known in the basin. During the summer&#xd;
seasons of 2001, 2002, 2015 and 2016, systematic excavations were undertaken in the site over an area of 25 m2, which provided > 400 fossil remains of Ruscinian mammals. The faunal assemblage is diverse, comprising 17 genera. Rodentia are represented by Ruscino-mys sp., Apocricetus barrierei, Debruijnimys julii, Apodemus gorafensis, Castillomys gracilis, Occitanomys cf. brailloni, Paraethomys meini, Paraethomys aff. abaigari, Stephanomys cordii, Trilophomys cf. castroi and Eliomys aff. intermedius. Large mammals are represented by two proboscideans, Anancus arvernensis and Mammut borsoni, the rhino Stephanorhinus sp. cf.&#xd;
S. jeanvireti, the equid cf. Hipparion sp., two bovids, a large sized Alephis sp. and a small-tomiddle sized Bovidae indet. (cf. Antilope sp.), and a middle sized deer, Cervinae indet. This record is completed by the presence of a chelonid, Testudinae indet. Biostratigraphic data from micro and macromammals suggest an age for the assemblage between 4 and 4.5 Ma.</subfield>
   </datafield>
   <datafield ind1="8" ind2=" " tag="024">
      <subfield code="a">ROS-MONTOYA S., MARTÍNEZ-NAVARRO B., ESPIGARES M.-P., GUERRA-MERCHÁN A., GARCÍA-AGUILAR J. M., PIÑERO P., RODRÍGUEZ-RUEDA A., AGUSTÍ J., OMS O. &amp; PALMQVIST P. 2017. — A new Ruscinian site in Europe: Baza-1 (Baza basin, Andalusia, Spain). Comptes Rendus Palevol 16 (7): 746-761. https://doi.org/10.1016/j.crpv.2017.05.005</subfield>
   </datafield>
   <datafield ind1="8" ind2=" " tag="024">
      <subfield code="a">https://hdl.handle.net/10630/33491</subfield>
   </datafield>
   <datafield ind1="8" ind2=" " tag="024">
      <subfield code="a">10.1016/j.crpv.2017.05.005</subfield>
   </datafield>
   <datafield tag="653" ind2=" " ind1=" ">
      <subfield code="a">Paleontología - Baza</subfield>
   </datafield>
   <datafield ind2="0" ind1="0" tag="245">
      <subfield code="a">A new Ruscinian site in Europe: Baza-1 (Baza basin, Andalusia, Spain)</subfield>
   </datafield>
</record>
</metadata></record></GetRecord></OAI-PMH>